I will always write back : (Record no. 3222)

MARC details
000 -LEADER
fixed length control field 01978cam a2200445 i 4500
001 - CONTROL NUMBER
control field 3222
003 - CONTROL NUMBER IDENTIFIER
control field FISKH
005 - DATE AND TIME OF LATEST TRANSACTION
control field 20240220143731.0
008 - FIXED-LENGTH DATA ELEMENTS--GENERAL INFORMATION
fixed length control field 140730s2015 nyu 000 0 eng c
010 ## - LIBRARY OF CONGRESS CONTROL NUMBER
LC control number 2014030355
020 ## - INTERNATIONAL STANDARD BOOK NUMBER
International Standard Book Number 9780316241311 (hardcover)
020 ## - INTERNATIONAL STANDARD BOOK NUMBER
Canceled/invalid ISBN 9780316241342 (ebook)
020 ## - INTERNATIONAL STANDARD BOOK NUMBER
Canceled/invalid ISBN 9780316241328 (library edition ebook)
020 ## - INTERNATIONAL STANDARD BOOK NUMBER
International Standard Book Number 9780316241335
040 ## - CATALOGING SOURCE
Original cataloging agency IEN/DLC
Language of cataloging eng
Transcribing agency IEN
Description conventions rda
Modifying agency DLC
042 ## - AUTHENTICATION CODE
Authentication code pcc
043 ## - GEOGRAPHIC AREA CODE
Geographic area code n-us---
-- f-rh---
050 00 - LIBRARY OF CONGRESS CALL NUMBER
Classification number LB3614
Item number .A45 2015
082 00 - DEWEY DECIMAL CLASSIFICATION NUMBER
Classification number 305.235096891
Edition number 23
100 1# - MAIN ENTRY--PERSONAL NAME
Personal name Alifirenka, Caitlin,
245 10 - TITLE STATEMENT
Title I will always write back :
Remainder of title how one letter changed two lives /
Statement of responsibility, etc. Caitlin Alifirenka & Martin Ganda ; with Liz Welch.
250 ## - EDITION STATEMENT
Edition statement First paperback edition May 2016
260 ## - PUBLICATION, DISTRIBUTION, ETC.
Place of publication, distribution, etc. New York :
Name of publisher, distributor, etc. Little Brown,
Date of publication, distribution, etc. 2015
300 ## - PHYSICAL DESCRIPTION
Extent 402 pages :
Dimensions 21 cm
336 ## - CONTENT TYPE
Content type term text
Content type code txt
Source rdacontent
337 ## - MEDIA TYPE
Media type term unmediated
Media type code n
Source rdamedia
338 ## - CARRIER TYPE
Carrier type term volume
Carrier type code nc
Source rdacarrier
520 ## - SUMMARY, ETC.
Summary, etc. Martin was lucky to even receive a pen-pal letter. There were only ten letters, and fifty kids in his class. But he was the top student, so he got the first one.<br/>That letter was the beginning of a correspondence that spanned six years and changed two lives.<br/>In this compelling dual memoir, Caitlin and Martin recount how they became best friends and better people through their long-distance exchange. Their story will inspire you to look beyond your own life and wonder about the world at large and your place in it.
600 10 - SUBJECT ADDED ENTRY--PERSONAL NAME
Personal name Alifirenka, Caitlin
Form subdivision Correspondence.
600 10 - SUBJECT ADDED ENTRY--PERSONAL NAME
Personal name Ganda, Martin
Form subdivision Correspondence.
650 #0 - SUBJECT ADDED ENTRY--TOPICAL TERM
Topical term or geographic name entry element Pen pals
Geographic subdivision United States.
650 #0 - SUBJECT ADDED ENTRY--TOPICAL TERM
Topical term or geographic name entry element Pen pals
Geographic subdivision Zimbabwe.
650 #0 - SUBJECT ADDED ENTRY--TOPICAL TERM
Topical term or geographic name entry element Teenagers
Geographic subdivision Zimbabwe
General subdivision Social conditions.
650 #0 - SUBJECT ADDED ENTRY--TOPICAL TERM
Topical term or geographic name entry element Teenagers
Geographic subdivision United States
General subdivision Social conditions.
650 #0 - SUBJECT ADDED ENTRY--TOPICAL TERM
Topical term or geographic name entry element Friendship.
700 1# - ADDED ENTRY--PERSONAL NAME
Personal name Ganda, Martin.
Relator term Author
700 1# - ADDED ENTRY--PERSONAL NAME
Personal name Welch, Liz,
Dates associated with a name 1969-
Relator term Author
906 ## - LOCAL DATA ELEMENT F, LDF (RLIN)
a 7
b cbc
c orignew
d 1
e ecip
f 20
g y-gencatlg
942 ## - ADDED ENTRY ELEMENTS (KOHA)
Source of classification or shelving scheme Dewey Decimal Classification
Koha item type Books
Suppress in OPAC No
Holdings
Withdrawn status Lost status Source of classification or shelving scheme Damaged status Not for loan Collection Home library Current library Shelving location Date acquired Total Checkouts Full call number Barcode Date last seen Price effective from Koha item type
    Dewey Decimal Classification     Non-Fiction Footprints International School Library Network Toul Kork Campus Footprints International School Library Network Toul Kork Campus   02/20/2024   ALI 305.235096891 LB3614.A45 2024-0089 02/20/2024 02/20/2024 Books